000 00338nam a2200133Ia 4500
008 151001s9999||||xx |||||||||||||| ||und||
100 _aना के शिरोडकर
245 _aगालबोट
250 _a1
260 _bशेठ हिरजी मोह्नजी
260 _c1941
300 _a184
365 _b7
999 _c954127
_d954124